00509nam a22001457a 4500020001800000082001400018100002100032245014000053260003500193300001000228650002100238650004400259650003800303700002200341 a9780316067607 aA99 L978l aLuttrell, Marcus aLone survivor: the eyewitness account of operation redwing and the lost heroes of Seal team 10cby Marcus Luttrell and Patrick Robinson aNew YorkbBack Bay Booksc2007 a392p. aLuttrell, Marcus aUnited States - Navy - SEALs - Officers aAfghan war, 2000-2001 - Compaigns aRobinson, Patrick